| 000 | 00885nam a2200229 a 4500 | ||
|---|---|---|---|
| 001 | 56135 | ||
| 003 | BD-RjUL | ||
| 005 | 20211209080346.0 | ||
| 008 | 161127s1973 bg ||||| |||| 00| 0 ben d | ||
| 020 | _c: TK 7.00 | ||
| 035 | _a(BD-RjUL)56259 | ||
| 040 |
_aBD-RjUL _bben _cBD-RjUL |
||
| 041 | _aben | ||
| 082 |
_223 _a891.4409 _bRAS 1973 |
||
| 100 |
_aরহমান, হাসান হাফিজুর _9167108 |
||
| 245 | 1 | 0 |
_aসাহিত্য-প্রসঙ্গ / _cহাসান হাফিজুর রহমান |
| 260 |
_aঢাকা : _bবাংলা একাডেমী, _c১৯৭৩ |
||
| 300 |
_a১০২ পৃ. ; _c২১ সেমি . |
||
| 650 |
_aবাংলা সাহিত্য _xইতিহাস ও সমালোচনা _9167109 |
||
| 650 |
_aBengali LIterature _xHistory & Criticism _9167110 |
||
| 942 |
_2ddc _cBK |
||
| 999 |
_c56135 _d56135 |
||